000 00715nam a2200229 u 4500
005 20220916063446.0
008 171016s2007 eua r 000 0 spa d
020 _a1404269886
035 _aUPN01000220969
049 _aI
050 4 _aNA7710
_bW6.2
100 1 _aWood, Ira
_942028
245 1 3 _aEl castillo de arena /
_cIra Wood ; tr. MarĂ­a Cristina Brusca.
260 _aNew York :
_bRosen Classroom Books & Materials,
_c2007.
300 _a16 p. :
_bil. col.
440 0 _aLecturas del barrio.
_pNarrativa
650 4 _aCASTILLOS -
_vLITERATURA INFANTIL
_911230
650 7 _aVacaciones
_vLiteratura infantil
_2
_921681
650 4 _aRELACION PADRE-HIJO
_926864
905 _aInfantil
999 _c193068
_d193068